Представление документа в формате RUSMARC

ПолеНазваниеЗначение
  Тип записи a
  Библиографический уровень m
001 Контрольный номер UONB/MAIN/5ae7676dd5d94614acccdd9f12bda0f0
005 Дата корректировки 20260514130028.5
010 Индекс ISBN __
b Уточнения в пер.
d Цена 2 р. 20 к.
9 Тираж 75000 экз.
100 Данные общей обработки __
a Данные общей обработки 20260514d1990 m y0rusy0189 ca
101 Язык документа 0_
a Язык текста rus
102 Страна публикации __
a Страна публикации RU
105 Кодированные данные (монография) __
a Кодированные данные (монография) y z 000yy
200 Заглавие и сведения об ответственности 1_
a Заглавие Пчелы и пасека
f Первые сведения об ответственности А. В. Суворин, А. Г. Болсуновский
g Последующие сведения об ответственности литературная обработка Н. М. Байгутдинова
203 Вид содержания и тип средства __
a Вид содержания Текст
b Характеристика содержания визуальный
c Тип средства непосредственный
210 Выходные данные 1_
a Место издания Красноярск
c Издательство Книжное издательство
d Дата издания 1990
215 Физическое описание __
a Объем 221, [3] с.
c Иллюстрации/тип воспроизводства ил.
d Формат 21 см
320 Библиография __
a Библиография Библиогр.: с. 221-222
606 Тематические рубрики 0_
a Основная рубрика Пасеки приусадебные
606 Тематические рубрики 0_
a Основная рубрика Пчелы
x Основная подрубрика Уход и содержание
610 Ключевые слова 0_
a Ключевые слова пчелы
610 Ключевые слова 0_
a Ключевые слова пасеки приусадебные
686 Индексы других классификаций __
a Классификационный индекс 46.91-4
2 Код системы rubbk
700 Автор _1
a Фамилия Суворин
b Имя (инициалы) А. В.
g Полное личное имя Алексей Васильевич
4 Код отношения 070
701 Альтернативная интеллектуальная ответственность _1
a Фамилия Болсуновский
b Имя (инициалы) А. Г.
g Полное личное имя Алексей Григорьевич
4 Код отношения 070
702 Вторичная интеллектуальная ответственность _1
a Фамилия Байгутдинов
b Имя (инициалы) Н. М.
g Полное личное имя Наиль Миннахматович
4 Код отношения 340
801 Источник записи _0
a Страна RU
b Организация Ульяновская ОНБ
c Дата составления 20260514
g Правила каталогизации RCR
801 Источник записи _1
a Страна RU
b Организация Ульяновская ОНБ
c Дата составления 20260514
g Правила каталогизации RCR
901 Тип документа __
t Тип документа m
909 Создатель записи __
a Создатель записи Грязнова Т.
b Дата создания записи 20260514